Alrededor de la jaula /
Guardado en:
| Autor Principal: | |
|---|---|
| Formato: | Libro |
| Publicado: |
Buenos Aires :
Emecé,
2015
|
| Series: | Biblioteca Haroldo Conti
|
| Materias: | |
| Etiquetas: |
Agregar Etiqueta
Sin Etiquetas, Sea el primero en etiquetar este registro!
|
| LEADER | 00588nam a22002055a 4500 | ||
|---|---|---|---|
| 001 | CEM.cems018523 | ||
| 008 | 130507s2015##################000#0#####d | ||
| 005 | 20240806081639.0 | ||
| 245 | 1 | 0 | |a Alrededor de la jaula / |c Haroldo Conti |
| 260 | |a Buenos Aires : |b Emecé, |c 2015 | ||
| 300 | |a 162 p. | ||
| 490 | 0 | |a Biblioteca Haroldo Conti | |
| 020 | |a 9789500437509 | ||
| 100 | 1 | |a Conti, Haroldo | |
| 082 | 0 | 4 | |a A863.4 |
| 653 | |a Literatura | ||
| 653 | |a Literatura argentina | ||
| 653 | |a Narrativa | ||
| 653 | |a Narrativa argentina | ||
| 859 | |a CEMS |b BIB. CEMS - Agricultura |h A863.4 |i C627-4 |p A2832.16 |t Ej.1 | ||
